El libro de la matemática 7 /
Guardado en:
| Autor Principal: | |
|---|---|
| Otros Autores: | , |
| Formato: | Libro |
| Publicado: |
Buenos Aires :
Estrada,
1997950-01-0600-0
|
| Materias: | |
| Etiquetas: |
Agregar Etiqueta
Sin Etiquetas, Sea el primero en etiquetar este registro!
|
| LEADER | 01652nam a22002895a 4500 | ||
|---|---|---|---|
| 001 | CEM.cems009430 | ||
| 005 | 20080229081901.0 | ||
| 008 | 130507b######################000#0#####d | ||
| 003 | CEMS | ||
| 020 | |a 9500106000 | ||
| 082 | 0 | 4 | |a Z510 |
| 100 | 1 | |a Canteros, Laura Inés | |
| 245 | 1 | 0 | |a El libro de la matemática 7 / |c Laura Inés Canteros , Ana María Felissia y Dilma Fregona |
| 260 | |a Buenos Aires : |b Estrada, |c 1997950-01-0600-0 | ||
| 300 | |a 207 p. | ||
| 500 | |a Para 7ºaño Egb | ||
| 505 | 0 | |a Números naturales -- Sistema de numeración decimal --Números enteros -- Números negativos -- Operaciones con números enteros -- Divisibilidad de enteros -- Geometría y magnitudes -- Figuras planas -- Triángulos, circunferencias y cuadriláteros -- Cuerpos. Volumen -- Números racionales positivos -- Números racionales decimales -- Operaciones con números racionales -- Sistemas decoordenadas. Leyes de correspondencia. Proporcionalidad -- Sistemas de coordenadas. Proporcionalidad directa e inversa -- Nociones de estadística. | |
| 653 | |a Matemática | ||
| 653 | |a Matemática-7ºegb | ||
| 700 | 1 | |a Felissia, Ana María | |
| 700 | 1 | |a Fregona, Dilma | |
| 859 | |a CEMS |b BIB. CEMS - 11 de abril |h Z510 |i C167 |p 19105.97 |t Ej.1 |v 7º |3 7º | ||
| 859 | |a CEMS |b BIB. CEMS - 11 de abril |h Z510 |i C167 |p 19953.98 |t Ej.2 |v 7º |3 7º | ||
| 859 | |a CEMS |b BIB. CEMS - 11 de abril |h Z510 |i C167 |p 19954.98 |t Ej.3 |v 7º |3 7º | ||
| 859 | |a CEMS |b BIB. CEMS - 11 de abril |h Z510 |i C167 |p 19955.98 |t Ej.4 |v 7º |3 7º | ||
| 859 | |a CEMS |b BIB. CEMS - 11 de abril |h Z510 |i C167 |p 19956.98 |t Ej.5 |v 7º |3 7º | ||
| 859 | |a CEMS |b BIB. CEMS - 11 de abril |h Z510 |i C167 |p 19957.98 |t Ej.6 |v 7º |3 7º | ||
